00895nam a2200277 4500003000900000005001700009007000300026008003400029020001500063040003500078082002100113245002400134260000600158264003200164300004800196336002700244337003600271338003000307590002600337650002900363650003600392910004100428942001200469952011900481999001700600DO-SdBPM20260601105832.0ta161206b1900 ch ||| 00| 0 spa d a9972625834 aDO-SdBPMbspacBPMSUerdadrda04a598.2bC753a22200aConociendo los aves c  aChina : bLexus , c[190-?] a[22] páginas : bilustraciones : c10 cm atextobtxt2rdacontent asin mediación bnc2rdamedia  avolumen bnc2rdacarrier  aInventariado, 2026/VM 7a Aves x Clasificación 7aLibros ilustrados para niños  aVMateo V. Control de calidad. BPMSU  2ddccBK 00102ddc708CI-GaBPMETbBPMETd2026-06-01l0oBPMSU CGI 598.2 C753apBPMSU26060639r2026-06-01w2026-06-01yBK c15888d15888